Principles of surveying (Record no. 5955)

000 -LEADER
fixed length control field 00477nam a2200193 i 4500
001 - CONTROL NUMBER
control field 5955
003 - CONTROL NUMBER IDENTIFIER
control field BD-DhUET
008 - FIXED-LENGTH DATA ELEMENTS--GENERAL INFORMATION
fixed length control field 770818s1978 vaua 001 0 eng
020 ## - INTERNATIONAL STANDARD BOOK NUMBER
International Standard Book Number 0879096209
040 ## - CATALOGING SOURCE
Original cataloging agency DLC
Transcribing agency DLC
Modifying agency BD-DhUET
082 00 - DEWEY DECIMAL CLASSIFICATION NUMBER
Classification number 526.9
Item number HEB/1978
100 ## - MAIN ENTRY--PERSONAL NAME
Personal name Herubin, Charles A.
245 10 - TITLE STATEMENT
Title Principles of surveying
250 ## - EDITION STATEMENT
Edition statement 2nd ed.
260 ## - PUBLICATION, DISTRIBUTION, ETC. (IMPRINT)
Place of publication, distribution, etc. Virginia
Name of publisher, distributor, etc. Reston Publishing
Date of publication, distribution, etc. 1978
300 ## - PHYSICAL DESCRIPTION
Extent x, 323 p.
Other physical details ill.
Dimensions 24 cm.
650 #0 - SUBJECT ADDED ENTRY--TOPICAL TERM
Topical term or geographic name as entry element Surveying
942 ## - ADDED ENTRY ELEMENTS (KOHA)
Koha item type General Book
Holdings
Koha date last seen Date acquired Koha full call number Location (home branch) Koha normalized classification for sorting Withdrawn status Source of classification or shelving scheme Koha item type Koha issues (times borrowed) Price effective from Not for loan Piece designation (barcode) Lost status Damaged status Koha date last borrowed Sublocation or collection (holding branch) Shelving location Copy number
2023-06-212014-11-29526.9/HEB/1978Central Library, BUET526_900000000000000_HEB_1978  General Book12014-11-29 71787  2023-06-11Central Library, BUETCirculation section2
2017-01-292014-12-02526.9/HEB/1978Central Library, BUET526_900000000000000_HEB_1978  General Book 2014-12-02 72101   Central Library, BUETCirculation section3
2015-03-072015-03-07526.9/HEB/1978Central Library, BUET526_900000000000000_HEB_1978  General Book 2015-03-07 48010   Central Library, BUETCirculation section4
2015-03-072015-03-07526.9/HEB/1978Central Library, BUET526_900000000000000_HEB_1978  General Book 2015-03-07 48009   Central Library, BUETCirculation section5